000 00496nam a2200205Ia 4500
003 0100
008 130303s9999 xx 000 0 und d
020 _a24287601
040 _cARRUPELIB
050 _aHM51.W57 1979
100 _aWishart, Barry J
245 _aModern sociological issues
260 _aNew York
260 _bMacmillan
260 _C1979
300 _ax
300 _b 502 p.24 cm
700 _aBarry J. Wishart and Louis C. Reichman , Reichman, Louis C
942 0 0 _01
999 _c16751
_d16751